000
00261nam a22001217a 4500
041
_a
ENG
100
_a
Rastogi .A.K
245
_a
Numerical Groundwater Hydrolgy
260
_a
Mumbai
_b
PR Penram
_c
2012
300
_a
981
650
_a
IDE
856
_u
IDE ( 44 )
999
_c
2578
_d
2578